| 000 | 00935nam a2200265 i 4500 | ||
|---|---|---|---|
| 001 | 180863 | ||
| 003 | ES-MaACL | ||
| 005 | 20251005063135.0 | ||
| 008 | 120723s1991 sp ao |||| | spa d | ||
| 020 | _a84-7679-199-2 | ||
| 080 | _a75.031.1(460) | ||
| 100 | 1 |
_aRipoll Perelló, Eduardo, _d1923-2006 _997437 |
|
| 245 | 1 | 3 |
_aEl arte paleolítico en la Península Ibérica / _cpor Eduardo Ripoll Perelló y Sergio Ripoll López. |
| 260 |
_aMadrid : _bHistoria Viva, _c[1991] |
||
| 300 |
_aVIII, 31 p. : _bil. col. y n. ; _c24 cm. |
||
| 490 | 1 |
_aCuadernos de arte español ; _v61 |
|
| 504 | _aBibliografía: p. 31. | ||
| 594 | _aEn cub.: Historia 16. | ||
| 650 | 7 |
_aPintura rupestre- _zEspaña. _916082 |
|
| 650 | 0 | 4 |
_aArte prehistórico- _zEspaña. _9151265 |
| 700 | 1 |
_aRipoll López, Sergio. _9151144 |
|
| 830 | 0 | 0 |
_aCuadernos de arte español _v61 _9191338 |
| 852 |
_aES-MaACL _j2314-F-37 |
||
| 999 |
_c180863 _d180863 |
||